00886nam a22001097a 4500008004100000100002800041245004300069260002300112300003700135520058100172773002300753250317b ||||| |||| 00| 0 eng d aBhattacharya, Malini  aProfessor Amiya Bagchi as I know him  aSocial Scientist  a52(11-12), Nov-Dec, 2024: p.3-8  a Professor Amiya Bagchi was never formally my leached. No. not even in his salad days as a teacher (1958-59) when his absurdly youthful looks made the callow students of the ‘intermediate arts class at presidency college think of him as one of their own when be entered the lecture room for the first time of course they were soon disabused as the young teacher researchers of my generation belonging to the so-called ‘human science would, however, like myself, acknowledge professor Amiay Bagchi as one of the greatest shaping influences in their lives. – Reproduced  aSocial Scientist